TV Actors: Which Character Did I Play More Often? Quiz Stats

 Plays Quiz Updated Aug 15, 2017

Challenge
Share
Tweet
Embed
Score 0/30 Timer 05:00
1 Play Today
Question Answer Wrong Answers
Courteney Cox Monica Geller
95.2%
Jules Cobb
1.7%
Alan Alda Hawkeye Pierce
91.3%
Arnold Vinick
7.2%
Julia Louis-Dreyfus Elaine Benes
88.4%
Selina Meyer
7.2%
Christine Campbell
3.5%
David Duchovny Fox Mulder
86.8%
Hank Moody
10.6%
Ted Danson Sam Malone
85.4%
John Becker
6.2%
D.B. Russell
3.5%
Lucille Ball Lucy Ricardo
84.7%
Lucy Carmichael
9.5%
Lucy Carter
5.5%
Larry Hagman J.R. Ewing
83.2%
Anthony Nelson
13.3%
Mary Tyler Moore Mary Richards
82.9%
Laura Petrie
11.6%
Betty White Rose Nylund
82.7%
Elka Ostrovsky
3.6%
Sue Ann Nivens
10.3%
Michael C. Hall Dexter Morgan
80%
David Fisher
16.4%
Don Knotts Barney Fife
78.9%
Ralph Furley
15.6%
Michael J. Fox Alex P. Keaton
78.1%
Mike Flaherty
21.4%
Edie Falco Carmela Soprano
73.5%
Jackie Peyton
21.7%
Lena Headey Cersei Lannister
68.3%
Sarah Connor
26.3%
Claire Danes Carrie Mathison
68.3%
Angela Chase
27.7%
Bea Arthur Dorothy Zbornak
67.7%
Maude Findlay
30.2%
Katey Sagal Peggy Bundy
67%
Cate Hennessy
5.2%
Turanga Leela
15.9%
Gemma Teller Morrow
6.7%
David Tennant The Doctor
66.7%
Alec Hardy
29.3%
Garry Shandling Larry Sanders
64.1%
Garry Shandling
31.5%
Andy Griffith Andy Taylor
62.9%
Ben Matlock
33.3%
David Hasselhoff Mitch Buchannon
58.3%
Michael Knight
39.5%
Natalie Dormer Margaery Tyrell
56.9%
Anne Boleyn
39.3%
Felicity Huffman Lynette Scavo
56.8%
Dana Whitaker
38.6%
Michael Emerson Harold Finch
54.1%
Benjamin Linus
42.5%
Timothy Olyphant Raylan Givens
52%
Seth Bullock
43.2%
Bryan Cranston Hal
48.4%
Walter White
50.1%
Alyssa Milano Samantha Micelli
45.8%
Jennifer Mancini
13%
Phoebe Halliwell
37%
Julianna Margulies Alicia Florrick
39.1%
Carol Hathaway
55.9%
Peter Krause Adam Braverman
36.5%
Nate Fisher
39.2%
Casey McCall
19%
Jimmy Smits Victor Sifuentes
34.3%
Bobby Simone
42.4%
Matthew Santos
20.2%

You're not logged in!

Compare scores with friends on all Sporcle quizzes.
OR
Log In

You Might Also Like...

Show Comments

Extras

Top Quizzes Today


Score Distribution

Your Account Isn't Verified!

In order to create a playlist on Sporcle, you need to verify the email address you used during registration. Go to your Sporcle Settings to finish the process.

Report this User

Report this user for behavior that violates our Community Guidelines.

Details: